Tratamiento del niño críticamente enfermo / (Record no. 85168)

MARC details
000 -LEADER
campo de control de longitud fija 00629nam a2200193 i 4500
001 - NÚMERO DE CONTROL
campo de control 85168
003 - IDENTIFICADOR DE NÚMERO DE CONTROL
campo de control ES-MaACL
005 - FECHA Y HORA DE LA ÚLTIMA TRANSACCIÓN
campo de control 20230906175209.0
007 - CAMPO FIJO DE DESCRIPCIÓN FÍSICA--INFORMACIÓN GENERAL
campo de control de longitud fija t|
008 - DATOS DE LONGITUD FIJA--INFORMACIÓN GENERAL
campo de control de longitud fija 041125s1973 sp ||||1| spa d
100 1# - ENTRADA PRINCIPAL--NOMBRE DE PERSONA
Nombre de persona Jones, R. S.
9 (RLIN) 66867
245 10 - MENCIÓN DEL TÍTULO
Título Tratamiento del niño críticamente enfermo /
Mención de responsabilidad, etc. R.S. Jones y J.B. Owen-Thomas ; [versión, O. Altirriba Valls, F. Rapall Torrent.
260 ## - PUBLICACIÓN, DISTRIBUCIÓN, ETC.
Lugar de publicación, distribución, etc. Barcelona :
Nombre del editor, distribuidor, etc. Jims,
Fecha de publicación, distribución, etc. [1973]
300 ## - DESCRIPCIÓN FÍSICA
Extensión XIII, 322 p. ;
Dimensiones 25 cm.
700 1# - ENTRADA AGREGADA--NOMBRE PERSONAL
Nombre de persona Owen-Thomas, J. B.
9 (RLIN) 88033
700 1# - ENTRADA AGREGADA--NOMBRE PERSONAL
Nombre de persona Altirriba Valls, O.
9 (RLIN) 20544
700 1# - ENTRADA AGREGADA--NOMBRE PERSONAL
Nombre de persona Rapall Torrent, F.
9 (RLIN) 95447
852 ## - LOCALIZACIÓN
Ubicación ES-MaACL
Número de control de estantería C-53767
Sublocalización o colección R.86593
Holdings
Estatus retirado Estado de pérdida Estado de daño No para préstamo Biblioteca de origen Biblioteca actual Ubicación en estantería Fecha de adquisición Fuente de adquisición Total de préstamos Signatura topográfica completa Código de barras Visto por última vez Precio de reemplazo Tipo de ítem Koha
        Biblioteca del Ateneo de Madrid Biblioteca del Ateneo de Madrid Depósito 2 17/01/2008     C-53767 1089004 23/02/2023 23/02/2023 Libro impreso